Magnetic helicity in space and laboratory plasmas (Record no. 13508)

MARC details
000 -LEADER
fixed length control field 00850nam a2200241Ia 4500
003 - CONTROL NUMBER IDENTIFIER
control field IN-BaIIA
008 - FIXED-LENGTH DATA ELEMENTS--GENERAL INFORMATION
fixed length control field 211028s9999 xx 000 0 eng d
020 ## - INTERNATIONAL STANDARD BOOK NUMBER
International Standard Book Number 0-87590-094-1
040 ## - CATALOGING SOURCE
Transcribing agency IIA Library
080 ## - UNIVERSAL DECIMAL CLASSIFICATION NUMBER
Universal Decimal Classification number 533:52-854
Item number MAG
245 #0 - TITLE STATEMENT
Title Magnetic helicity in space and laboratory plasmas
Statement of responsibility, etc. edited by Michael R. Brown, Richard C. Canfield and Alexei A. Pevtson
260 ## - PUBLICATION, DISTRIBUTION, ETC.
Place of publication, distribution, etc. Washington, DC
Name of publisher, distributor, etc. American Geophysical Union
Date of publication, distribution, etc. 1999
300 ## - PHYSICAL DESCRIPTION
Extent ix, 304p.
490 ## - SERIES STATEMENT
Series statement Geophysical monograph; 111
650 ## - SUBJECT ADDED ENTRY--TOPICAL TERM
Topical term or geographic name entry element Magnetic reconnection
9 (RLIN) 23680
650 ## - SUBJECT ADDED ENTRY--TOPICAL TERM
Topical term or geographic name entry element Nuclear physics
9 (RLIN) 1527
650 ## - SUBJECT ADDED ENTRY--TOPICAL TERM
Topical term or geographic name entry element Plasma
9 (RLIN) 19744
650 ## - SUBJECT ADDED ENTRY--TOPICAL TERM
Topical term or geographic name entry element Plasma astrophysics
9 (RLIN) 3786
700 ## - ADDED ENTRY--PERSONAL NAME
Personal name Brown, Michael R., ed.
9 (RLIN) 23681
700 ## - ADDED ENTRY--PERSONAL NAME
Personal name Canfield, Richard C., ed.
9 (RLIN) 23682
700 ## - ADDED ENTRY--PERSONAL NAME
Personal name Pevtson, Alexei A., ed.
9 (RLIN) 23683
942 ## - ADDED ENTRY ELEMENTS (KOHA)
Koha item type Books
Holdings
Withdrawn status Lost status Damaged status Not for loan Home library Current library Shelving location Date acquired Total Checkouts Full call number Barcode Date last seen Price effective from Koha item type
        IIA Library-Bangalore IIA Library-Bangalore General Stacks     533:52-854/ MAG 14427 05/11/2021   Books

Powered by Koha